Динамика процесса сгорания и влияние его на мощность и экономичность двигателя

Detalles Bibliográficos
Autor Principal: Сороко-Новицкий В. И.
Idioma:ruso
Publicado: Москва, Машгиз, 1946
Subjects:
Formato: MixedMaterials Libro
KOHA link:https://koha.lib.tpu.ru/cgi-bin/koha/opac-detail.pl?biblionumber=214268

MARC

LEADER 00000nam0a2200000 4500
001 214268
005 20231031193524.0
035 |a (RuTPU)RU\TPU\book\234130 
090 |a 214268 
100 |a 20120421d1946 m y0rusy50 ca 
101 0 |a rus 
102 |a RU 
105 |a a z 001zy 
200 1 |a Динамика процесса сгорания и влияние его на мощность и экономичность двигателя  |f В. И. Сороко-Новицкий 
210 |a Москва  |c Машгиз  |d 1946 
215 |a 176 с.  |c ил. 
320 |a Библиогр.: с. 173-174. 
610 1 |a двигатели внутреннего сгорания 
610 1 |a сгорание 
610 1 |a физико-химические свойства 
610 1 |a расчеты 
610 1 |a топливо 
610 1 |a присадки 
610 1 |a присадки 
610 1 |a камеры сгорания 
610 1 |a зажигание 
675 |a 621.43  |v 3 
700 1 |a Сороко-Новицкий  |b В. И. 
801 1 |a RU  |b 63413507  |c 20120421 
801 2 |a RU  |b 63413507  |c 20121012  |g RCR 
942 |c BK